000
00209nam a2200085Ia 4500
008
120527s9999 xx 000 0 und d
100
_a
Heftmann, Erich
245
_a
Modern method of steriod analysis
942
_c
BK
999
_c
27802
_d
27802